<?xml version="1.0" encoding="UTF-8"?>
<collection xmlns="http://www.loc.gov/MARC21/slim">
    <record>
        <controlfield tag="001">85578</controlfield>
        <controlfield tag="005">20191119144706.0</controlfield>
        <datafield tag="037" ind1=" " ind2=" ">
            <subfield code="a">TAZ-TFG-2019-1850</subfield>
        </datafield>
        <datafield tag="041" ind1=" " ind2=" ">
            <subfield code="a">spa</subfield>
        </datafield>
        <datafield tag="100" ind1="1" ind2=" ">
            <subfield code="a">Amador Cristóbal, Inés</subfield>
        </datafield>
        <datafield tag="242" ind1="0" ind2="0">
            <subfield code="a">Mergers and acquisitions in the Spanish banking sector: the recent restructuring of savings banks and the Ibercaja case</subfield>
        </datafield>
        <datafield tag="245" ind1="0" ind2="0">
            <subfield code="a">Fusiones y adquisiciones en el sector bancario español: la reciente reestructuración de las cajas de ahorros y el caso Ibercaja</subfield>
        </datafield>
        <datafield tag="260" ind1=" " ind2=" ">
            <subfield code="a">Zaragoza</subfield>
            <subfield code="b">Universidad de Zaragoza</subfield>
            <subfield code="c">2019</subfield>
        </datafield>
        <datafield tag="506" ind1=" " ind2=" ">
            <subfield code="a">by-nc-sa</subfield>
            <subfield code="b">Creative Commons</subfield>
            <subfield code="c">3.0</subfield>
            <subfield code="u">http://creativecommons.org/licenses/by-nc-sa/3.0/</subfield>
        </datafield>
        <datafield tag="520" ind1=" " ind2=" ">
            <subfield code="a">Las fusiones y adquisiciones han tenido un papel destacado en el sector bancario como medio para intentar mejorar la situación financiera del mismo. La reciente reestructuración de las cajas de ahorros españolas que comenzó a partir de la crisis del año 2008 ha supuesto un importante cambio para el sector, en el que el número de cajas de ahorros se ha reducido de manera acusada y se han producido cambios en su forma jurídica y en su estructura de propiedad. Un ejemplo de ello lo constituye el caso Ibercaja, caja de ahorros que se transformó en banco y posteriormente se fusionó con Caja3, absorbiéndola en el año 2014. Esta fusión es analizada mediante una serie de indicadores económicos para estudiar si dicho proceso ha cumplido con los objetivos previstos de mejoría de la situación financiera de las entidades que lo acometieron.&lt;br /></subfield>
        </datafield>
        <datafield tag="521" ind1=" " ind2=" ">
            <subfield code="a">Graduado en Administración y Dirección de Empresas</subfield>
        </datafield>
        <datafield tag="540" ind1=" " ind2=" ">
            <subfield code="a">Derechos regulados por licencia Creative Commons</subfield>
        </datafield>
        <datafield tag="700" ind1=" " ind2=" ">
            <subfield code="a">Alcalde Fradejas, Nuria</subfield>
            <subfield code="e">dir.</subfield>
        </datafield>
        <datafield tag="710" ind1="2" ind2=" ">
            <subfield code="a">Universidad de Zaragoza</subfield>
            <subfield code="b">Dirección y Organización de Empresas</subfield>
            <subfield code="c">Organización de Empresas</subfield>
        </datafield>
        <datafield tag="856" ind1="0" ind2=" ">
            <subfield code="f">719812@celes.unizar.es</subfield>
        </datafield>
        <datafield tag="856" ind1="4" ind2=" ">
            <subfield code="s">931817</subfield>
            <subfield code="u">http://zaguan.unizar.es/record/85578/files/TAZ-TFG-2019-1850.pdf</subfield>
            <subfield code="y">Memoria (spa)</subfield>
        </datafield>
        <datafield tag="909" ind1="C" ind2="O">
            <subfield code="o">oai:zaguan.unizar.es:85578</subfield>
            <subfield code="p">driver</subfield>
            <subfield code="p">trabajos-fin-grado</subfield>
        </datafield>
        <datafield tag="950" ind1=" " ind2=" ">
            <subfield code="a"></subfield>
        </datafield>
        <datafield tag="951" ind1=" " ind2=" ">
            <subfield code="a">deposita:2019-11-19</subfield>
        </datafield>
        <datafield tag="980" ind1=" " ind2=" ">
            <subfield code="a">TAZ</subfield>
            <subfield code="b">TFG</subfield>
            <subfield code="c">ECON</subfield>
        </datafield>
        <datafield tag="999" ind1=" " ind2=" ">
            <subfield code="a">20190624113201.CREATION_DATE</subfield>
        </datafield>
    </record>

    
</collection>